00556 2200181 4500001002100000005001500021035002000036007000300056008004100059020002200100082001000122084001700132100002900149245009000178260004900268300004100317990001600358INLIS00000000000047720210108081948 a0010-0121000016ta210108 0 ind  a978-602-1580-65-3 a303.4 a303.4 SRI p0 aSri Muhammad Kusumantoro1 aPerubahan Sosial :bSeri Pengayaan Pembelajaran Sosiologi /cSri Muhammad Kusumantoro aSurakarta :bPT Aksarra Sinergi Media,c2018 avi + 58 hlm :bilus. ;c21 x 29.7 cm a00000009362